000 00316nam a2200133Ia 4500
008 100328s9999 xx 000 0 und d
082 _b939
100 _aGalsworthy John
245 _aThe White Monkey
260 _bWilliam Heinemann
630 _aThe White Monkey
730 _aThe White Monkey
942 _cBOOK
999 _c497238
_d497235